000
00442nam a2200145Ia 4500
008
100122s9999 xx 000 0 und d
082
_b
50547
_a
823
100
_a
कर्णिक हेमन
245
_a
विश्वसुंदरी
260
_b
शांती पब्लिकेशन
_c
1994
300
_a
231
630
_a
विश्वसुंदरी
730
_a
विश्वसुंदरी
942
_c
BOOK
999
_c
428256
_d
428253